000
00284nam a22001337a 4500
008
170714b xxu||||| |||| 00| 0 eng d
020
_a
070373922
041
_a
eng
080
_2
7TH
_a
038
100
_a
24
101
_a
FJA
245
_a
20.000 WORDS
_c
LESLIE, L.A
942
_2
udc
_c
BK
999
_c
20932
_d
20932